Statistiques concernant Culture Générale - Série 1511

Cliquez ici pour prendre le quiz!

Statistiques générales

  • Ce quiz a été pris 83 fois
  • Le résultat moyen est 6 sur 10

Statistiques - réponses

QuestionRéponse% Correct
La série télévisée inspirée du mythique pilote de la Seconde Guerre mondiale Gregory Boyington, s'intitule "Les Têtes...brûlées
95%
Quelle femme de lettres, prénommée Marguerite, a écrit le scénario du film : "Hiroshima mon amour" ?Marguerite Duras
89%
Quel mot d'origine bretonne désigne un monument mégalithique composé de pierres agencées en forme de table gigantesque ?dolmen
87%
Quel pays proclama son indépendance, le 4 juillet 1776 ?Ètats-Unis
83%
Dans quelle ville canadienne le mouvement Greenpeace a-t-il été fondé, en 1971 ?Vancouver
53%
Dans la mythologie grecque, qui est le frère jumeau de la déesse Artémis ?Apollon
49%
A quel écrivain français doit-on les romans de science fiction : "Ravage" et "La nuit des Temps" ?René Barjavel
45%
Dans "Le Mariage de Figaro", quel adjectif signifiant "qui n'a pas de nom", Figaro choisit-il pour son procès ?anonyme
39%
Depuis 1989, de quelle ville s'élancent les skippers du Vendée Globe ?Les Sables-d'Olonne
39%
Quel cinéaste soviétique est le réalisateur du film "Ivan le Terrible", en 1945 ?Eisenstein
18%

Distribution des résultats

Percentile par nombre de réponses

% des personnes avec chaque résultat

Votre développement - résultats

Vous n’avez pas pris ce quiz